[Event "20th Dubai Open 2018"]
[Site "Dubai"]
[Date "2018.04.04"]
[Round "3"]
[White "Ramaraju, N."]
[Black "Efimenko, Zahar"]
[Result "0-1"]
[WhiteElo "2175"]
[BlackElo "2634"]
[Annotator "TA"]
[PlyCount "72"]
[EventDate "2018.??.??"]
[EventType "swiss"]
[EventCountry "UAE"]
[SourceTitle "playchess.com"]
[Source "ChessBase"]
[SourceQuality "1"]

{[%evp 13,72,32,54,50,35,27,28,12,25,39,59,45,39,32,28,28,37,27,42,-40,2,-35,-48,-59,-59,-54,-53,-54,-49,-43,-42,-52,-49,-47,0,-38,-15,-97,-80,-167,-163,-175,-164,-216,-241,-329,-258,-241,-248,-538,-518,-898,-844,-900,-832,-951,-919,-1575,-1414,-1663,-1634]} 1. Nf3 d6 2. d4 Bg4 3. c4 g6 4. Nc3 Bg7 5. e3 Nf6 6. Be2 O-O 7. O-O Na6 {LiveBook: 10 Games. E61: King's Indian: Early deviations for White, including Smyslov System} (7... Nc6 8. d5 Nb8 9. h3 Bd7 10. e4 c6 11. Be3 Na6 12. Nd2 Rc8 13. Rc1 e6 14. dxe6 Bxe6 15. Nf3 Re8 {0-1 (38) Wang,H (2709)-Mamedyarov,S (2799) Huaian 2017}) 8. h3 Bf5 9. b3 Re8 {White has an edge.} 10. Bb2 c6 11. a3 $146 ({Predecessor:} 11. Re1 Qb8 12. Bf1 e5 13. e4 Bd7 14. a3 exd4 15. Nxd4 {½-½ (45) Swapnil,S (2442)-Mchedlishvili,M (2634) Kuala Lumpur 2010}) 11... Qc8 12. Re1 e5 13. Bf1 e4 14. Nd2 h5 15. b4 Nc7 16. f3 (16. d5 $14) 16... d5 17. cxd5 Ncxd5 18. Nxd5 cxd5 19. Rc1 Qd7 20. f4 h4 21. Nb1 Nh5 22. Nc3 a6 23. Na4 Rad8 {[%cal Ba8d8,Bd8d6,Bd6g6][%mdl 32]} 24. Nc5 (24. b5 $5) 24... Qe7 25. Qd2 (25. b5 $11 {keeps the balance.}) 25... Ng3 26. a4 (26. b5 $17 {might work better.}) 26... Rd6 27. b5 {[%cal Rb5a6]} g5 $1 28. fxg5 {[#]} (28. bxa6 $142 bxa6 29. Bxa6) 28... Rg6 $1 $19 29. Rc2 {[%cal Rb5a6]} axb5 30. Bxb5 {[#]} Rc8 $1 31. Kf2 $2 (31. a5 Qxg5 32. Qf2 (32. Nxb7 Bxh3 33. a6 Ra8 $17)) 31... b6 {Black is clearly winning.} 32. Na6 (32. Kg1 $142 bxc5 33. dxc5) 32... Rxc2 33. Qxc2 Qxg5 34. Rg1 {[#]} Bxh3 $1 {[%mdl 512]} 35. Bc1 (35. gxh3 Rf6+) 35... Nf5 {( -> ...Qg3+)} 36. Qc7 Nd6 {Precision: White = 30%, Black = 70%.} 0-1

[Event "20th Dubai Open 2018"]
[Site "Dubai"]
[Date "2018.04.04"]
[Round "3"]
[White "Abou El Zein, Eid Mahmoud"]
[Black "Haria, Ravi"]
[Result "0-1"]
[WhiteElo "2156"]
[BlackElo "2441"]
[Annotator "TA"]
[PlyCount "78"]
[EventDate "2018.??.??"]
[EventType "swiss"]
[EventCountry "UAE"]
[SourceTitle "playchess.com"]
[Source "ChessBase"]
[SourceQuality "1"]

{[%evp 10,78,35,25,43,34,34,30,62,55,65,43,47,-35,-34,-37,-44,-82,-82,-82,-88,-118,-95,-112,-72,-71,-80,-95,-61,-88,-45,-119,-114,-195,-174,-178,-185,-171,-156,-171,-159,-179,-180,-227,-246,-256,-274,-305,-306,-581,-465,-641,-653,-641,-640,-642,-514,-498,-482,-645,-642,-1118,-617,-767,-753,-29996,-29997,-29997,-3757,-29998,-29999]} 1. d4 e6 2. c4 d5 3. Nc3 Bb4 4. Nf3 Ne7 5. e3 c5 6. a3 {LiveBook: 9 Games. D31: Queen's Gambit Declined: Semi-Slav without ...Nf6 (+ Marshall Gambit and Noteboom) and Exchange Variation lines without ...Nf6} (6. Bd3 dxc4 7. Bxc4 cxd4 8. exd4 Nbc6 9. O-O O-O 10. a3 Ba5 11. Qd3 a6 12. Rd1 Ng6 13. Bg5 {½-½ (31) Leko,P (2740)-Ponomariov,R (2717) Tromsoe 2014}) 6... Ba5 $146 ({Find the theoretical novelty and annotate with similar games:} 6... Bxc3+ 7. bxc3 Nbc6 8. Bd3 b6 9. O-O Ba6 10. cxd5 Bxd3 11. Qxd3 Qxd5 12. Rd1 Na5 13. Qb5+ {1-0 (46) Onischuk,A (2628)-Nogueiras Santiago,J (2541) Buenos Aires 2005}) 7. Qc2 cxd4 8. exd4 {White is slightly better.} dxc4 9. Bxc4 Nbc6 10. Be3 Nf5 {[%cal Be7f5,Bf5d6,Bd6c4][%mdl 32]} 11. O-O-O ({Better is} 11. Rd1 $14) 11... Bxc3 $15 12. bxc3 Nce7 13. Bd2 Bd7 14. Bd3 Rc8 {[%cal Ba8c8,Bc8c4,Bc4a4,Ba4a6][%mdl 32]} 15. Kb1 Nd6 16. Ka1 Nc4 17. Bxc4 Rxc4 18. Ne5 Ra4 19. Qb3 b5 20. Nd3 (20. c4 $15 bxc4 21. Nxc4) 20... O-O $17 21. Nb2 (21. Nc5 $17 Rc4 22. a4) 21... Ra6 $19 22. Nd3 Bc6 23. Nc5 Bd5 24. Qb2 Rb6 25. f3 {[#]} Nc6 $1 {[%cal Be7c6,Bc6a5,Ba5c4][%mdl 32]} 26. Bf4 Na5 27. Qe2 Nc4 28. Bc1 a5 {[%cal Ba7a5,Ba5b4][%mdl 32]} 29. Nd3 $2 (29. Bb2) 29... Qd6 30. Nc5 b4 31. cxb4 axb4 32. a4 b3 {White must now prevent ...b2+.} 33. Bb2 Ra8 34. Rd3 Rb4 {Hoping for ...Rbxa4+.} 35. Rc1 Qc6 36. Rcc3 Rbxa4+ 37. Nxa4 Qxa4+ (37... Rxa4+ $2 38. Kb1 $17) 38. Kb1 Qa2+ 39. Kc1 {[#]} Qa1+ $1 {[%mdl 512] Precision: White = 42%, Black = 75%.} 0-1

[Event "20th Dubai Open 2018"]
[Site "Dubai"]
[Date "2018.04.04"]
[Round "3"]
[White "Bhambure, Shantanu"]
[Black "Arjun, Kalyan"]
[Result "0-1"]
[WhiteElo "2155"]
[BlackElo "2397"]
[Annotator "TA"]
[PlyCount "84"]
[EventDate "2018.??.??"]
[EventType "swiss"]
[EventCountry "UAE"]
[SourceTitle "playchess.com"]
[Source "ChessBase"]
[SourceQuality "1"]

{[%evp 30,84,2,-14,-5,-26,-29,-40,0,-35,-26,-67,-63,-34,-64,-59,33,0,40,-204,-176,-274,-262,-264,-278,-554,-537,-699,-697,-690,-690,-660,-827,-816,-807,-723,-807,-806,-750,-779,-721,-700,-613,-633,-610,-729,-737,-723,-715,-691,-628,-740,-732,-1088,-1033,-1081,-695]} 1. d4 Nf6 2. c4 g6 3. f3 Bg7 4. e4 d6 5. Nc3 O-O 6. Bg5 c5 7. d5 h6 8. Be3 e6 9. Qd2 exd5 10. cxd5 a6 11. a4 h5 12. Nge2 Nbd7 13. Nc1 Ne5 14. Be2 Nh7 15. O-O f5 16. N1a2 {LiveBook: 4 Games. A65: Modern Benoni: 6 e4} Bd7 17. exf5 Bxf5 18. h3 $146 {Black has an edge.} ({Predecessor:} 18. Rae1 Rc8 19. Kh1 Rc7 20. Nc1 Re8 21. f4 Ng4 22. Bg1 Rce7 23. Bf3 Qb6 24. Rxe7 Rxe7 {½-½ (43) Lobo,R (2285)-Cartagena,O (2435) San Francisco 1998}) 18... Nf6 19. Rae1 Qa5 20. Bh6 Rae8 21. Bxg7 Kxg7 22. g4 Bd7 ({Black should try} 22... hxg4 $15 23. hxg4 Bd7) 23. f4 Nf7 {[%cal Rh5g4]} (23... Nexg4 $5 24. hxg4 hxg4 $14) 24. f5 $2 {[#]} (24. g5 $14 {was the only good move.} Ng8 25. Kh2) 24... hxg4 $1 $19 25. hxg4 (25. Bxg4 {was the only chance.} Rxe1 26. Qxe1) 25... gxf5 26. Bd3 Nxg4 27. Rxe8 $2 (27. Bxf5 Bxf5 28. Rxf5) 27... Rxe8 {Black is clearly winning.} 28. Bxf5 Bxf5 29. Rxf5 {intending Rg5+.} Qd8 {Hoping for ...Qh4.} 30. Qf4 Re1+ 31. Kg2 Ne3+ 32. Kf2 Rf1+ 33. Kxe3 Rxf4 34. Rxf4 Qg5 35. Ne4 Qxd5 36. Rg4+ {[#]} Kh6 $1 37. Nac3 Qd4+ 38. Ke2 Ne5 39. Rg3 Qc4+ 40. Kd2 d5 41. Nd6 Qf4+ 42. Ke2 Ng6 {Precision: White = 23%, Black = 65%.} 0-1

[Event "20th Dubai Open 2018"]
[Site "Dubai"]
[Date "2018.04.04"]
[Round "3"]
[White "Llopis De Aysa, Manuel"]
[Black "Sidhant, Mohapatra"]
[Result "0-1"]
[WhiteElo "2147"]
[BlackElo "2382"]
[Annotator "TA"]
[PlyCount "150"]
[EventDate "2018.??.??"]
[EventType "swiss"]
[EventCountry "UAE"]
[SourceTitle "playchess.com"]
[Source "ChessBase"]
[SourceQuality "1"]

{[%evp 12,150,22,26,63,64,66,74,66,66,80,57,67,64,69,59,67,57,62,72,70,70,87,53,78,52,100,63,64,50,43,52,102,95,105,110,101,106,93,101,103,97,77,52,104,89,77,47,103,25,39,39,39,37,93,84,104,80,146,139,146,145,141,90,79,0,137,16,106,23,47,47,112,0,145,95,116,0,125,0,147,0,154,154,154,132,154,0,154,87,96,79,146,146,146,146,124,124,124,124,124,124,124,115,115,0,118,0,122,0,103,0,109,114,110,53,127,19,43,10,37,-7,-7,-161,-161,-140,-140,-146,-178,-177,-152,-124,-114,-259,-250,-212,-146,-187,-99,-99,-99]} 1. d4 Nf6 2. Nf3 e6 3. e3 b6 4. Bd3 Bb7 5. O-O d6 6. c4 {A47: 1 d4 Nf6 2 Nf3 b6: Torre, London and Colle Systems} Nbd7 7. Nc3 {LiveBook: 21 Games} e5 {Threatens to win with ...e4.} (7... c5 8. Qe2 cxd4 9. exd4 d5 10. cxd5 Nxd5 11. Nxd5 Bxd5 12. Ne5 Bd6 13. Nxd7 Qxd7 14. Bb5 Bc6 15. Bxc6 Qxc6 {0-1 (46) Cori Tello,D (2389)-Vo,T (2380) Riadh 2017}) 8. d5 {White is slightly better.} g6 9. e4 Bg7 10. Be3 O-O 11. Nd2 $146 ({Predecessor:} 11. Rc1 Rc8 12. Qa4 a5 13. h3 Nh5 {0-1 (70) Phan,T (1959)-Nguyen,L (1926) Ho Chi Minh City 2014}) 11... Nh5 12. g3 {[%cal Bg2g3,Bg3g4,Bg4g5][%mdl 32]} Qe7 13. Be2 Nhf6 14. b4 Ne8 15. Nb3 f5 16. f3 Ndf6 17. g4 Bc8 18. a4 h5 19. g5 Nh7 20. h4 f4 21. Bf2 {Hoping for Re1.} Bh3 22. Kh2 Bxf1 23. Bxf1 Nxg5 24. hxg5 Qxg5 25. Bh3 Qe7 26. a5 {[%mdl 1024] White has strong compensation.} Nf6 27. Kg2 {[%cal Bh2g2,Bg2f1,Bf1e1,Be1d1,Bd1c2][%mdl 32]} g5 (27... Nh7 $14) 28. Be6+ $16 Kh8 29. Qe2 $36 {[%mdl 2048] White is pushing.} c5 (29... g4 $14) 30. b5 (30. bxc5 $16 bxc5 31. a6) 30... Bh6 31. Rh1 Qg7 32. Kf1 Rae8 (32... g4 $14) 33. Na4 Qc7 34. Ke1 Kg7 (34... Qg7 $142) 35. Kd1 Rh8 36. Kc2 Kf8 37. Be1 (37. Ra1 $142) 37... Re7 38. Bf2 (38. Rh3 $16) 38... Rg7 (38... Re8 $1 $11) 39. Rg1 (39. Ra1 $16) 39... Qd8 (39... g4 $11) 40. Be1 (40. Ra1 $1 $16) 40... Rb7 41. Rh1 Qe8 (41... Rg7 $14) 42. Rg1 (42. Bf2 $16) 42... Qg6 (42... Qd8 $1 $11) 43. Bf5 Qg7 44. Be6 (44. Bf2 $16) 44... Qe7 (44... Qg6 $11 {remains equal.}) 45. Rh1 ({Better is} 45. Bf2 $16) 45... Bg7 (45... Qe8 $11) 46. Rg1 (46. a6 $16 Rc7 47. Nb2) 46... Ne8 $2 (46... Bh6 $1 $11) 47. Bf5 Bf6 48. Bc8 Rb8 49. Bf5 $2 ({White should try} 49. Be6 $16) 49... Qg7 $2 (49... Rb7 $1 $11) 50. Be6 (50. Nb2 $142) 50... Bd8 51. a6 Bf6 (51... Nf6 $142) 52. Nc1 Qe7 53. Nd3 Ng7 54. Bh3 Kf7 55. Nc3 Rbg8 56. Kb3 Ke8 57. Nd1 Kd8 58. Nc3 (58. Bc3 $16) 58... Kc7 (58... Ke8 $1 $11) 59. Nd1 (59. Nb1 $16) 59... Qd8 (59... Kd8 $1 $11) 60. Nc3 (60. N1f2 $16) 60... Be7 (60... Qe7 $1 $11) 61. Nd1 (61. Qf1 $16) 61... Ne8 (61... Bf6 $1 $11 {keeps the balance.}) 62. Be6 Rg7 63. Nc3 (63. N1f2 $16) 63... Nf6 ({Black should play} 63... g4 $14) 64. Nf2 (64. Na4 $16) 64... Rh6 $11 65. Rh1 Qh8 66. Ka3 (66. Nd3 {keeps more tension.} g4 67. Na4 Kb8 68. Qb2 Qf8 69. fxg4 Nxg4 70. Qe2) 66... g4 67. fxg4 $2 (67. Bf5 $11 {and White is okay.}) 67... hxg4 $19 68. Rxh6 Qxh6 69. Nxg4 Nxg4 70. Bxg4 {[#]} Bh4 $1 {[%cal Rh4e1] And now ...Bxe1 would win.} 71. Bd2 {[#]} Bf2 $1 72. Nd1 (72. Kb2 $17 {is a better defense.}) 72... Bd4 73. Be1 Qg5 74. Bf3 Qg1 75. Kb3 Rh7 {Precision: White = 29%, Black = 47%.} 0-1

[Event "20th Dubai Open 2018"]
[Site "Dubai"]
[Date "2018.04.04"]
[Round "3"]
[White "Dimarucut, Francis Erwin"]
[Black "Tissir, Mohamed"]
[Result "0-1"]
[WhiteElo "2107"]
[BlackElo "2381"]
[Annotator "NA"]
[PlyCount "64"]
[EventDate "2018.??.??"]
[EventType "swiss"]
[EventCountry "UAE"]
[SourceTitle "playchess.com"]
[Source "ChessBase"]
[SourceQuality "1"]
[TimeControl "5400+30"]

1. b3 {[%emt 0:00:00]} e5 {[%emt 0:01:01]} 2. Bb2 {[%emt 0:00:00]} Nc6 {[%emt 0:00:05]} 3. e3 {[%emt 0:00:00]} a6 {[%emt 0:00:49]} 4. Nf3 {[%emt 0:03:05]} e4 {[%emt 0:05:39]} 5. Nd4 {[%emt 0:04:18]} Nf6 {[%emt 0:03:28]} 6. Nxc6 {[%emt 0:00:42]} dxc6 {[%emt 0:00:13]} 7. Be2 {[%emt 0:00:17]} Bd6 {[%emt 0:00:06]} 8. Nc3 {[%emt 0:00:09]} Qe7 {[%emt 0:00:07]} 9. d3 {[%emt 0:04:37]} exd3 {[%emt 0:05:23]} 10. Bxd3 {[%emt 0:03:49]} O-O {[%emt 0:00:26]} 11. Qd2 {[%emt 0:01:40]} b5 {[%emt 0:01:02]} 12. a4 {[%emt 0:03:54]} Rb8 {[%emt 0:03:50]} 13. h3 {[%emt 0:02:05]} Re8 {[%emt 0:01:39]} 14. g4 {[%emt 0:15:37]} Bb4 {[%emt 0:03:22]} 15. g5 $19 {[%emt 0:11:36]} (15. Kf1 $17) 15... Nd5 {[%emt 0:04:09]} 16. Kf1 {[%emt 0:09:46]} Qc5 {[%emt 0:17:09]} 17. Ne4 {[%emt 0:06:42]} Rxe4 {[%emt 0:00:56]} 18. c3 {[%emt 0:00:07]} Nxe3+ {[%emt 0:05:48]} 19. fxe3 {[%emt 0:00:48]} Qxe3 {[%emt 0:00:05]} 20. Qxe3 {[%emt 0:06:16]} Rxe3 {[%emt 0:00:03]} 21. Bxh7+ {[%emt 0:07:08]} Kxh7 {[%emt 0:00:09]} 22. cxb4 {[%emt 0:00:07]} Rxb3 {[%emt 0:00:09]} 23. Be5 {[%emt 0:00:23]} Rxb4 {[%emt 0:00:09]} 24. axb5 {[%emt 0:01:11]} cxb5 {[%emt 0:01:31]} 25. Kf2 {[%emt 0:00:16]} Bb7 {[%emt 0:02:47]} 26. Rhc1 {[%emt 0:03:32]} Re8 {[%emt 0:00:17]} 27. Rxc7 {[%emt 0:04:03]} Bd5 {[%emt 0:00:51]} 28. g6+ {[%emt 0:03:23]} Kxg6 {[%emt 0:00:30]} 29. Rxa6+ {[%emt 0:00:42]} f6 {[%emt 0:00:31]} 30. Bc3 {[%emt 0:03:51]} Rf4+ {[%emt 0:00:15]} 31. Kg3 {[%emt 0:00:09]} Rf3+ {[%emt 0:00:02]} 32. Kg4 {[%emt 0:00:17]} Rfe3 {[%emt 0:00:18]} 0-1

[Event "20th Dubai Open 2018"]
[Site "Dubai"]
[Date "2018.04.05"]
[Round "4"]
[White "Anton Guijarro, David"]
[Black "Tissir, Mohamed"]
[Result "1/2-1/2"]
[WhiteElo "2653"]
[BlackElo "2381"]
[Annotator "TA"]
[PlyCount "57"]
[EventDate "2018.??.??"]
[EventType "swiss"]
[EventCountry "UAE"]
[SourceTitle "playchess.com"]
[Source "ChessBase"]
[SourceQuality "1"]

{[%evp 12,57,49,24,33,13,54,0,0,-23,0,-55,-47,-67,-58,-86,-79,-95,-49,-45,-52,-84,-87,-91,-37,-78,-56,-58,-33,-40,-31,-29,-22,-62,-19,-25,0,-83,-80,-91,-79,-82,0,-81,0,-79,0,-81]} 1. d4 Nf6 2. c4 g6 3. Nc3 Bg7 4. e4 d6 5. h3 O-O 6. Be3 Nbd7 7. g4 {LiveBook: 4 Games. E71: King's Indian: 4 e4 d6 5 h3} c5 8. Nge2 Qa5 9. Bg2 $146 (9. Qc2 $14) ({Predecessor:} 9. Qd2 b5 10. cxb5 a6 11. Bg2 axb5 12. e5 cxd4 13. Nxd4 Nxe5 14. Ncxb5 Bd7 {½-½ (45) Bluebaum,M (2635)-Firouzja,A (2549) Moscow 2018}) 9... cxd4 $11 10. Bxd4 Ne5 {[#]} 11. g5 (11. c5 $1 $11 {[%mdl 512]}) 11... Nh5 $15 12. b3 f6 $1 $36 {[%mdl 2048] Black has good play.} 13. gxf6 Rxf6 14. Qd2 Nf3+ 15. Bxf3 $1 Rxf3 16. Bxg7 Kxg7 17. Rg1 h6 (17... Qe5 $17 {Hoping for ...Nf4.} 18. Nd4 Rxh3) 18. h4 Qe5 19. Nd4 Rf4 20. O-O-O $1 Bg4 21. Rde1 Raf8 22. Rg2 Bh3 (22... Bf3 $5 {[%cal Rf3g2]} 23. Rgg1 Kh7 $11) 23. Rh2 Bg4 24. Re3 (24. Rg2 $1 $11 {remains equal.}) 24... Kh7 25. Rg2 Bf3 26. Rg1 Bg4 27. Rg2 $1 Bf3 28. Rg1 $1 Bg4 29. Rg2 $1 {Precision: White = 52%, Black = 55%.} 1/2-1/2

[Event "20th Dubai Open 2018"]
[Site "Dubai"]
[Date "2018.04.05"]
[Round "4"]
[White "Rakhmanov, Aleksandr"]
[Black "Kiriakov, Petr"]
[Result "1-0"]
[WhiteElo "2652"]
[BlackElo "2520"]
[Annotator "TA"]
[PlyCount "99"]
[EventDate "2018.??.??"]
[EventType "swiss"]
[EventCountry "UAE"]
[SourceTitle "playchess.com"]
[Source "ChessBase"]
[SourceQuality "1"]

{[%evp 13,99,18,33,18,20,0,37,22,16,29,66,52,86,93,170,179,149,143,95,100,99,86,109,102,104,75,66,51,70,50,88,53,127,119,112,134,101,58,47,48,64,57,140,145,173,181,152,0,169,158,222,190,225,216,209,222,435,449,464,474,1106,788,668,780,672,748,731,674,673,692,1022,1019,29988,29989,29989,29990,29990,29989,29989,29990,29990,29991,29991,29982,29997,29998,29998,29999]} 1. c4 e6 2. Nc3 d5 3. d4 Nf6 4. Bg5 Nbd7 5. e3 Be7 6. Nf3 h6 7. Bf4 {D53: Queen's Gambit Declined: 4 Bg5 Be7: Early deviations} (7. Bh4 O-O 8. Bd3 c5 9. cxd5 cxd4 10. Nxd4 Nxd5 11. Bxe7 Nxe7 12. O-O Nf6 13. Rc1 Bd7 14. Ne4 Nc6 15. Bb1 Nxd4 16. Qxd4 Bc6 17. Nxf6+ Qxf6 18. Qxf6 gxf6 {½-½ (37) Wojtaszek,R (2737)-Inarkiev,E (2693) Antalya 2017}) 7... c6 {LiveBook: 10 Games} 8. Rc1 O-O 9. h3 {The position is equal.} Ne4 10. Bd3 Nxc3 11. bxc3 b6 $146 ({Predecessor:} 11... dxc4 12. Bxc4 Nb6 13. Bb3 Nd5 14. O-O Nxf4 15. exf4 b6 {1-0 (26) Pohlers,J (2105)-Schaefer,H Benasque 1995}) 12. cxd5 cxd5 13. g4 {[%cal Bg2g4,Bg4g5][%mdl 32]} Nf6 {[#]} (13... e5 $16 14. Nxe5 Nxe5 15. Bxe5 Ba3) 14. g5 $1 $18 {[%cal Rg5f6]} Ne4 {[%cal Rh6g5]} 15. gxh6 g6 16. Ne5 {aiming for Qg4.} Kh7 17. Qg4 Qe8 18. h4 Rg8 19. Qe2 {f3 is the strong threat.} f6 20. Ng4 f5 21. Ne5 {Hoping for Bb5.} Bd7 22. f3 $36 {[%mdl 2048] White fights for an advantage.} Nf6 (22... Nd6 $14) 23. Kf2 $16 {Threatens to win with Bg5.} Nh5 24. Bg5 Ba3 25. Rcg1 {And now c4 would win.} Rc8 26. c4 {Strongly threatening Rb1.} dxc4 27. Nxc4 ({Weaker is} 27. Bxc4 Bd6 $18) 27... Bf8 ({Better is} 27... Qf8 $1 $14 28. Ne5 Bc6) 28. Ne5 Bd6 29. Ba6 Rb8 30. Bd3 $2 ({White should try} 30. Rb1 $16) 30... b5 $2 (30... Rc8 $1 $11 {and Black stays safe.} 31. Rc1 Rf8) 31. Rc1 $18 a6 {[#]} (31... b4 $16 32. Rhd1 Ba4) 32. Rc2 $1 Rb7 33. Rhc1 Rf8 34. Qd2 Ba3 $2 (34... Qb8 35. Be2 Nf6) 35. Rc7 Bxc1 36. Qxc1 Qb8 (36... Rxc7 $142 37. Qxc7 Rf7) 37. Rxd7+ Rxd7 38. Nxd7 Qg3+ 39. Ke2 {[%cal Bf2e2,Be2e1,Be1d2][%mdl 32]} Qg2+ 40. Ke1 Qg1+ 41. Kd2 Qh2+ 42. Be2 Rf7 43. Qc6 {White mates.} f4 44. Qxe6 fxe3+ 45. Bxe3 Rxf3 46. Qe7+ Kg8 47. Qe8+ Kh7 48. Nf8+ Kg8 49. Ne6+ Kh7 50. Ng5+ {Precision: White = 88%, Black = 37%.} 1-0

[Event "20th Dubai Open 2018"]
[Site "Dubai"]
[Date "2018.04.05"]
[Round "4"]
[White "Mareco, Sandro"]
[Black "Vishnu, Prasanna. V"]
[Result "1/2-1/2"]
[WhiteElo "2645"]
[BlackElo "2510"]
[Annotator "TA"]
[PlyCount "129"]
[EventDate "2018.??.??"]
[EventType "swiss"]
[EventCountry "UAE"]
[SourceTitle "playchess.com"]
[Source "ChessBase"]
[SourceQuality "1"]

{[%evp 22,129,0,-15,0,-21,-26,-39,-27,-27,19,-17,26,19,19,19,21,19,15,0,23,0,0,0,0,0,29,29,27,20,24,23,28,30,46,7,9,4,0,8,94,93,121,43,47,49,48,45,53,61,44,57,60,0,0,0,0,0,0,0,0,0,0,0,0,0,0,0,0,0,0,0,0,0,0,0,0,0,0,0,0,0,0,0,0,0,0,0,0,0,0,0,0,0,0,0,0,0,0,0,0,0,0,0,0,0,0,0,0,0]} 1. Nf3 c5 2. g3 Nc6 3. Bg2 g6 4. O-O Bg7 5. c4 d6 6. Nc3 e6 7. d3 Nge7 8. Bd2 O-O 9. a3 b6 10. Rb1 Bb7 11. b4 Qd7 12. Nb5 {LiveBook: 6 Games. A37: Symmetrical English vs ...g6: 4 Bg2 Bg7 5 Nf3} Rfd8 $146 ({Predecessor:} 12... Rad8 13. Bf4 e5 14. Bd2 h6 15. e4 f5 16. Bh3 a6 17. Nc3 Nd4 18. bxc5 bxc5 19. Nxd4 cxd4 {½-½ (62) Ehlvest,J (2536)-Predojevic,B (2622) chess.com INT 2018}) 13. bxc5 dxc5 14. a4 {Black has an edge.} a5 15. Qc1 Nf5 16. Re1 Rac8 17. g4 Nfd4 18. Nbxd4 Nxd4 19. Nxd4 Bxg2 20. Kxg2 Qxd4 21. h3 Rc6 22. Rb3 f5 23. Bc3 Qd6 24. Bxg7 Kxg7 25. Qb2+ e5 26. Rb1 $36 {[%cal Rb3b6][%mdl 2048] White is pushing.} fxg4 27. hxg4 {[%cal Rb3b6]} Qe6 28. Rxb6 Qxg4+ 29. Kf1 Rxb6 $1 30. Qxb6 $11 {[%mdl 4096] Endgame KQR-KQR} Rf8 (30... Rd7 $11 {remains equal.}) 31. Qc7+ $16 ({Reject} 31. Qxc5 $6 Qh3+ 32. Kg1 Qg4+ 33. Kf1 Qh3+ 34. Kg1 Qg4+ 35. Kf1 $11) 31... Kg8 32. Rb8 ({Much worse is} 32. Qxe5 $6 Qh3+ 33. Kg1 Qg4+ 34. Kf1 Qh3+ 35. Kg1 Qg4+ 36. Kf1 $11) ({White should play} 32. Qc6 $16) 32... Qh3+ $14 33. Ke1 {[#] And now Rxf8+ would win.} Qh1+ 34. Kd2 Qh6+ 35. Kd1 $1 {Hoping for Rxf8+.} Rxb8 36. Qxb8+ {KQ-KQ} Qf8 37. Qb5 (37. Qb6 $14) 37... e4 $1 $11 {The position is equal.} 38. Qxa5 exd3 39. exd3 Qxf2 40. Qd8+ Kf7 41. Qd7+ Kf8 42. Qd6+ Kf7 $1 43. Qe5 Qa2 44. Qc7+ Ke6 45. Qb6+ Kd7 $1 46. Qb7+ Ke6 47. Qb6+ Kd7 $1 48. a5 {[#] aiming for Qb7+.} Qa1+ 49. Kd2 Qa2+ 50. Ke3 {Threatens to win with Qb7+.} Qg2 51. Qa7+ Kd6 52. Qb8+ Kd7 53. Qf4 Qg1+ 54. Ke2 {Strongly threatening a6.} Qg2+ 55. Kd1 {a6 is the strong threat.} Qc6 56. Qf7+ Kc8 $1 57. Qg8+ Kb7 58. Qxh7+ Ka6 59. Kd2 Kxa5 60. Qa7+ Kb4 61. Qb8+ Ka5 62. Qa7+ Kb4 63. Qb8+ Ka5 64. Kc3 {Intending Qa7+ and mate.} Ka6 65. Qd8 {Precision: White = 53%, Black = 69%.} 1/2-1/2

[Event "20th Dubai Open 2018"]
[Site "Dubai"]
[Date "2018.04.05"]
[Round "4"]
[White "Efimenko, Zahar"]
[Black "Sadhwani, Raunak"]
[Result "1-0"]
[WhiteElo "2634"]
[BlackElo "2358"]
[Annotator "TA"]
[PlyCount "111"]
[EventDate "2018.??.??"]
[EventType "swiss"]
[EventCountry "UAE"]
[SourceTitle "playchess.com"]
[Source "ChessBase"]
[SourceQuality "1"]

{[%evp 9,111,4,16,12,16,11,15,11,12,0,0,0,4,7,12,10,11,24,22,20,25,17,35,0,0,-4,31,-3,21,21,33,18,18,18,12,6,7,8,10,3,4,5,6,0,4,0,5,3,6,3,7,11,12,3,8,5,8,7,6,6,17,6,17,0,0,0,7,6,8,0,6,0,8,0,8,0,24,8,8,8,47,9,10,6,11,0,11,0,47,47,47,47,47,47,47,47,549,215,970,944,908,868,1174,1193]} 1. e4 c6 2. d4 d5 3. exd5 cxd5 4. Nf3 Nf6 5. Ne5 e6 {LiveBook: 9 Games} (5... Nc6 6. Bb5 Bd7 7. Nxd7 Qxd7 8. c3 e6 9. O-O Bd6 10. Nd2 O-O 11. Re1 a6 12. Bd3 e5 13. dxe5 Nxe5 {1-0 (52) Kramnik,V (2787)-Caruana,F (2811) Wijk aan Zee 2018}) 6. Bb5+ {B13: Caro-Kann: Exchange Variation and Panov-Botvinnik Attack} Bd7 7. Nxd7 Nbxd7 8. c3 {The position is equal.} a6 $146 ({Predecessor:} 8... Qc7 9. Nd2 Bd6 10. Nf3 O-O 11. O-O Bf4 12. Re1 Bxc1 13. Qxc1 {½-½ (31) Christiansen,J (2486)-Lenderman,A (2600) Reykjavik 2018}) 9. Bd3 Bd6 10. Nd2 Qc7 11. g3 e5 12. dxe5 Nxe5 13. Nf3 Nxd3+ 14. Qxd3 Qc4 15. Qe2+ Ne4 16. Be3 O-O-O 17. Nd4 (17. Nd2 {seems wilder.} Nxd2 18. Kxd2 Bc5 19. Bxc5 Qxc5 20. Qg4+) 17... Bc5 18. Rd1 Qxe2+ 19. Kxe2 Rhe8 20. Rhe1 Nd6 21. Kf1 Nc4 22. Bc1 (22. Re2 {is interesting.} Bxd4 23. Rxd4 b5 24. Bc1 Rxe2 25. Kxe2 Kb7 26. b3) 22... Rxe1+ 23. Kxe1 Ne5 24. Kf1 Bxd4 25. Rxd4 $11 {[%mdl 4096] Endgame KRB-KRN} Nc6 26. Rf4 d4 27. Bd2 dxc3 28. Bxc3 f6 29. h4 {[%cal Bh2h4,Bh4h5][%mdl 32]} Rd7 30. h5 h6 31. Kg2 Kd8 32. Re4 Rd5 33. g4 Kd7 34. Kg3 Nd8 35. f4 {[%cal Bf2f4,Bf4f5][%mdl 32]} Ne6 36. Re3 Rd1 37. f5 Ng5 38. Kf2 Nf7 39. Ke2 Rd5 40. a3 b6 41. Re4 a5 42. a4 Ng5 43. Re3 Nf7 44. Re6 Rd6 45. Re4 Rd5 46. b3 Ng5 47. Re3 Nf7 48. Bb2 Nd6 49. Ba3 Rd4 50. Rd3 Rxd3 51. Kxd3 $14 {KB-KN} Kc6 52. Kd4 Kd7 $2 {[%mdl 8192] [#]} (52... Ne8 $1 $14) 53. Kd5 $18 Nf7 $2 (53... Ne8 54. Bf8 Nc7+ 55. Kc4 Ne8) 54. Bb2 {White is clearly winning.} Nd6 55. Bc1 Nc8 56. Ba3 {Precision: White = 54%, Black = 46%.} 1-0